| 000 | 00798nam a2200241 i 4500 | ||
|---|---|---|---|
| 001 | 9223 | ||
| 003 | ES-MaACL | ||
| 005 | 20250901090023.0 | ||
| 007 | t| | ||
| 008 | 930525s1992 sp ||||1| spa d | ||
| 020 | _a84-7605-236-7 | ||
| 080 | _a616-073.75 | ||
| 080 | _a615.849 | ||
| 245 | 0 | 0 |
_aDiagnóstico por imagen _b: tratado de radiología clínica... / _cedición dirigida por C. Sánchez Alvarez-Pedrosa ; con la colaboración especial de Rafael Casanova Gómez. |
| 250 | _a1ª ed., 6ª reimp. | ||
| 260 |
_aMadrid : _bMcGraw-Hill, _c1992. |
||
| 300 |
_a2 v. : _bil. ; _c28 cm. |
||
| 650 | 7 |
_aRadiología _2embne _9140316 |
|
| 700 | 1 |
_aSánchez Alvarez-Pedrosa, C. _9102454 |
|
| 700 | 1 |
_aCasanova Gómez, Rafael. _9146901 |
|
| 852 |
_aES-MaACL _jL-16679-80 |
||
| 999 |
_c9223 _d9223 |
||